| 000 | 00374nam a2200145Ia 4500 | ||
|---|---|---|---|
| 008 | 211109s9999||||xx |||||||||||||| ||und|| | ||
| 082 |
_a336 _bPIG-S |
||
| 100 | _aPigou, A C | ||
| 245 | 0 | _aStudy In Public Finance | |
| 260 |
_bMacmillan Company _aNew York _c1900 |
||
| 300 | _a325p. | ||
| 630 | _xGeneral Stack | ||
| 650 |
_aPUBLIC FINANCE _vFINANCE _xGeneralia |
||
| 942 | _cBOOK | ||
| 999 |
_c6482 _d6482 |
||